| 000 | 00503nam a2200145Ia 4500 | ||
|---|---|---|---|
| 008 | 231129s2015||||xx |||||||||||||| ||spa|| | ||
| 020 | _a978-958-775-262-5 | ||
| 040 | _bspa | ||
| 082 | _a616.398 B272a | ||
| 100 | _aBarrera Perdomo María del Pilar | ||
| 245 | 0 | _aAlimentación y nutrición en dislipidemias síndrome metabólico y enfermedad cardiovascular | |
| 260 | _c2015 | ||
| 264 | _aBogotá Colombia : Universidad Nacional de Colombia | ||
| 942 |
_2ddc _cBKS |
||
| 999 |
_c4784 _d4784 |
||